The Teddy bears' picnic (Record no. 390761)
[ view plain ]
| 000 -LEADER | |
|---|---|
| fixed length control field | 01060cam a2200313 a 4500 |
| 001 - CONTROL NUMBER | |
| control field | 38978429 |
| 003 - CONTROL NUMBER IDENTIFIER | |
| control field | OCoLC |
| 005 - DATE AND TIME OF LATEST TRANSACTION | |
| control field | 20231201111943.0 |
| 008 - FIXED-LENGTH DATA ELEMENTS--GENERAL INFORMATION | |
| fixed length control field | 130603t19981996nyua j 000 1 eng d |
| 020 ## - INTERNATIONAL STANDARD BOOK NUMBER | |
| International Standard Book Number | 0694011827 |
| Terms of availability | $12.95 |
| 040 ## - CATALOGING SOURCE | |
| Original cataloging agency | IHI |
| Transcribing agency | IHI |
| Modifying agency | COB |
| Description conventions | rda |
| 092 ## - LOCALLY ASSIGNED DEWEY CALL NUMBER (OCLC) | |
| Classification number | children board book |
| Item number | Whatley |
| 245 04 - TITLE STATEMENT | |
| Title | The Teddy bears' picnic |
| Statement of responsibility, etc | illustrated by Bruce Whatley. |
| 250 ## - EDITION STATEMENT | |
| Edition statement | 1st board book ed. |
| 260 ## - PUBLICATION, DISTRIBUTION, ETC. (IMPRINT) | |
| Place of publication, distribution, etc | [New York] : |
| Name of publisher, distributor, etc | HarperFestival, |
| Date of publication, distribution, etc | 1998, c1996. |
| 264 ## - Production, Publication, Distribution, Manufacture, and Copyright Notice. | |
| Place of production, publication, distribution, manufacture | [New York] : |
| Name of producer, publisher, distributor, manufacturer | HarperFestival, |
| Date of production, publication, distribution, manufacture, or copyr | 1998. |
| 300 ## - PHYSICAL DESCRIPTION | |
| Extent | 1 v. (unpaged) |
| Other physical details | col. ill. |
| Dimensions | 15 cm. |
| 500 ## - GENERAL NOTE | |
| General note | On board pages. |
| 520 ## - SUMMARY, ETC. | |
| Summary, etc | Illustrates the children's song about teddy bears who go picnicking independently of their "owners." |
| 650 #0 - SUBJECT ADDED ENTRY--TOPICAL TERM | |
| Topical term or geographic name as entry element | Children's songs |
| Form subdivision | Texts |
| -- | Juvenile fiction. |
| 9 (RLIN) | 5730711 |
| 650 #0 - SUBJECT ADDED ENTRY--TOPICAL TERM | |
| Topical term or geographic name as entry element | Teddy bears |
| Form subdivision | Songs and music. |
| 9 (RLIN) | 6477846 |
| 650 #0 - SUBJECT ADDED ENTRY--TOPICAL TERM | |
| Topical term or geographic name as entry element | Picnicking |
| Form subdivision | Songs and music. |
| 9 (RLIN) | 6477847 |
| 650 #0 - SUBJECT ADDED ENTRY--TOPICAL TERM | |
| Topical term or geographic name as entry element | Board books. |
| 700 1# - ADDED ENTRY--PERSONAL NAME | |
| Personal name | Whatley, Bruce |
| 9 (RLIN) | 41446 |
| 942 ## - ADDED ENTRY ELEMENTS (KOHA) | |
| Source of classification or shelving scheme | Dewey Decimal Classification |
| Koha item type | BOOK |
| Withdrawn status | Lost status | Source of classification or shelving scheme | Damaged status | Not for loan | Collection code | Home library | Current library | Shelving location | Date acquired | Source of acquisition | Total Checkouts | Total Renewals | Full call number | Barcode | Date last seen | Date checked out | Cost, replacement price | Price effective from | Koha item type |
|---|---|---|---|---|---|---|---|---|---|---|---|---|---|---|---|---|---|---|---|
| Dewey Decimal Classification | Children Board Books | Wasatch County Library | Wasatch County Library | Main Floor Childrens Area | 12/01/2023 | Micromarketing | 8 | 4 | BB Whatley | 34301002057992 | 01/26/2026 | 12/30/2025 | 9.99 | 12/01/2023 | BOOK |
